Persecusión de alta intensidad /
En este artículo se comentan diversos aspectos de la política exterior de Costa Rica, sobre todo en relación con el conflicto armado en Nicaragua y la participación de Costa Rica, directa o indirecta, en el mismo, tales como: a-. la utilización del territorio costarricense por parte de la contra nic...
Kaydedildi:
| Yazar: | |
|---|---|
| Materyal Türü: | Metin |
| Konular: | |
| Etiketler: |
Etiketle
Etiket eklenmemiş, İlk siz ekleyin!
|
MARC
| LEADER | 00000 a a2200000 04500 | ||
|---|---|---|---|
| 001 | 1700 | ||
| 003 | |||
| 040 | |||
| 100 | |a Morales Gamboa, Abelardo | ||
| 245 | |a Persecusión de alta intensidad / |c Abelardo Morales Gamboa | ||
| 520 | |a En este artículo se comentan diversos aspectos de la política exterior de Costa Rica, sobre todo en relación con el conflicto armado en Nicaragua y la participación de Costa Rica, directa o indirecta, en el mismo, tales como: a-. la utilización del territorio costarricense por parte de la contra nicaragüense en el período presidencial de Luis Alb. Monge A, b-. la llamada misión Tambs que tenía como cometido convencer a los políticos nacionales para que prestaran el territorio como refugio y base de operaciones de la contra, c-. el caso de los dos periodistas que indagaron lo ocurrido en el atentado de La Penca y el posterior allanamiento del lugar de trabajo de éstos por parte de la policía para averiguar lo que esos periodistas conocían, y como luego se inculpa a John Hull como dirigente de la contra en Costa Rica y, d-. las acusaciones mutuas entre el PLN y el PUSC sobre esos asuntos. LOB/mb | ||
| 650 | |a POLITICA EXTERIOR | ||
| 650 | |a NEUTRALIDAD | ||
| 650 | |a INTERVENCION EXTRANJERA | ||
| 650 | |a GUERRA | ||
| 650 | |a PAZ | ||
| 773 | |g número 34; páginas 23-24 | ||
| 999 | |c 20947 |d 20947 | ||
